| 000 | 00479nam a2200181Ia 4500 | ||
|---|---|---|---|
| 003 | GCL | ||
| 008 | 140319s9999 xx 000 0 eng d | ||
| 040 |
_aGCL / _cGCL |
||
| 082 | 0 | 4 |
_a530.13 _bI H |
| 100 | 1 | _aHUMPHREY, D | |
| 245 | 1 | 0 |
_aINTERMEDIATE MECHANICS STATICS AND HYDROLOTICS / _cHUMPHREY, D |
| 260 |
_a[S.N] : _bLONGMANS, GREEN AND CO ، _c1995 |
||
| 300 | _a438 P | ||
| 650 | 0 | 4 | _aPHYSICS |
| 650 | 0 | 4 | _aMECHANICS |
| 650 | 0 | 4 | _aSTATISTICAL MACHINES |
| 942 |
_2ddc _cBK |
||
| 999 |
_c14446 _d14446 |
||